000
00337nam a2200145Ia 4500
003
OSt
008
191201s2004 xx 000 0 und d
082
_a
512.94
_b
KUD
100
_a
KUMAR,R.
245
0
_a
Differential Equations for B.A/B.Sc
260
_a
New Delhi
_b
Verdman Pub
_c
2004
300
_a
320+44
650
_a
MBA
942
_2
ddc
_c
BK
999
_c
383
_d
383